Loading...
Social Science | 0 | 4 | 3 | 1 | 25 | 89 | 112.50 | 0 | 2 |
Science - Chemistry | 0 | 2 | 1 | 1 | 15 | 120 | 122.00 | 0 | 1 |
Science - Biology | 0 | 3 | 3 | 0 | 15 | 45 | 82.33 | 0 | 2 |
Science - Physics | 0 | 2 | 1 | 0 | 15 | 100 | 114.50 | 0 | 0 |
Philosophy | 0 | 1 | 0 | 0 | 10 | 121 | 121.00 | 0 | 1 |
Pop Culture | 0 | 1 | 0 | 0 | 10 | 141 | 141.00 | 0 | 0 |
Current Events | 0 | 1 | 0 | 0 | 10 | 125 | 125.00 | 0 | 0 |
Fine Arts - Classical Music | 0 | 1 | 0 | 0 | 10 | 122 | 122.00 | 0 | 0 |
Fine Arts - Painting and Sculpture | 0 | 2 | 2 | 0 | 10 | 112 | 115.50 | 0 | 2 |
Literature - British Literature | 0 | 1 | 0 | 0 | 10 | 132 | 132.00 | 0 | 0 |
Science - Other Science | 0 | 2 | 2 | 1 | 10 | 122 | 132.00 | 0 | 0 |
Fine Arts - Other Fine Arts | 0 | 1 | 1 | 0 | 5 | 138 | 138.00 | 0 | 0 |
History - World History | 0 | 1 | 1 | 0 | 5 | 90 | 90.00 | 0 | 1 |
Literature - World Literature | 0 | 1 | 1 | 0 | 5 | 80 | 80.00 | 1 | 1 |
Literature - European Literature | 0 | 0 | 1 | 0 | -5 | 0.00 | 0 | 0 |